000 00746nam a22001817a 4500
999 _c58223
_d58223
003 Ge_BSU
005 20210921145227.0
008 210921s2009 ge ||||| |||| 00| 0 geo d
020 _a9781599700830
041 _ageo
080 _a299.93+159.9+17.023 ჰ-13
100 _aჰაბარდი, ლაფაიეტ რონალდ
_912507
245 _aგზა ბედნიერებისკენ :
_bსაღი აზრი, რომელიც უკეთესი ცხოვრების მეგზურია /
_cლაფაიეტ რონალდ ჰაბარდი.
264 _c2009.
300 _a 232 გვ. :
_b ილ.
_c24 სმ.
653 _aფსიქოლოგია
942 _2udc
_cBK